000 00528ntaaa2200193 4500
003 01
005 20251027201620.0
008 0714s1973 ag 01
040 _aAR-BaBN
_bspa
_cAR-BaBN
_eaacr
_dRIC
082 _a248.3000 M47u
100 _aMeer de Walcheren, Pieter van der
_914902
245 _aLa verdad os hará libres
250 _a1 ed.
260 _aBuenos Aires :
_bLohlé,
_c1976
300 _a161 p
500 _aPrólogo traducido del francés por María Rosa Oliver
650 _ameditaciones
_95341
942 _cBK
999 _c10807
_d10807